Estadísticas para Países con el Mayor Número de Islas

Haz click aquí para tomar la prueba!

Estadísticas generales

  • Esta prueba ha sido tomada 2.239 veces
  • La puntuación promedio es 16 de 20

Estadísticas de respuestas

#País% Correcto
305Estados Unidos
94%
251Indonesia
94%
79Japón
93%
201Rusia
91%
388Canadá
90%
95Australia
88%
101Reino Unido
87%
62China
87%
87Filipinas
84%
116Noruega
83%
157Chile
80%
78Francia
80%
146Dinamarca
76%
40Brasil
75%
86Grecia
75%
37México
73%
41Finlandia
63%
52Papua Nueva Guinea
51%
48Corea del Sur
48%
43Islas Salomón
42%

Distribución de puntuación

Porcentaje por número respondido

Porcentaje de gente con cada puntuación

Historial de tus puntuaciones

No has tomado esta prueba